Minutes of the thirtieth meeting / (Record no. 29268)

MARC details
000 -LEADER
fixed length control field 01537cas a2200349 a 4500
001 - CONTROL NUMBER
control field 11275242
005 - DATE AND TIME OF LATEST TRANSACTION
control field 19981125112657.0
008 - FIXED-LENGTH DATA ELEMENTS--GENERAL INFORMATION
fixed length control field 800628c19749999sz ar eng d
010 ## - LIBRARY OF CONGRESS CONTROL NUMBER
LC control number 83645630
035 ## - SYSTEM CONTROL NUMBER
System control number (OCoLC)ocm06469422
040 ## - CATALOGING SOURCE
Original cataloging agency ICMcC
Transcribing agency ICMcC
Modifying agency DLC
-- NST
-- ATLA
042 ## - AUTHENTICATION CODE
Authentication code lc
050 00 - LIBRARY OF CONGRESS CALL NUMBER
Classification number BX6
Item number .W67 1977
082 0# - DEWEY DECIMAL CLASSIFICATION NUMBER
Classification number 270.8/2
Edition number 19
110 2# - MAIN ENTRY--CORPORATE NAME
Corporate name or jurisdiction name as entry element World Council of Churches.
Subordinate unit Central Committee.
610 20 - SUBJECT ADDED ENTRY--CORPORATE NAME
Corporate name or jurisdiction name as entry element World Council of Churches.
245 10 - TITLE STATEMENT
Title Minutes of the thirtieth meeting /
Statement of responsibility, etc Central Committee of the World Council of Churches.
Remainder of title 28 July-6 Agust 1977
260 ## - PUBLICATION, DISTRIBUTION, ETC. (IMPRINT)
Place of publication, distribution, etc Geneva, Switzerland :
Name of publisher, distributor, etc World Council of Churches,
265 ## - SOURCE FOR ACQUISITION/SUBSCRIPTION ADDRESS [OBSOLETE]
Source for acquisition/subscription address [OBSOLETE] World Council of Churches, 150 route de Ferney, 1211 Geneva 20, Switzerland
300 ## - PHYSICAL DESCRIPTION
Extent 123 p.;
Dimensions 21 cm.
310 ## - CURRENT PUBLICATION FREQUENCY
Current publication frequency Annual
500 ## - GENERAL NOTE
General note Description based on: 30th (28 July-6 Aug. 1977).
530 ## - ADDITIONAL PHYSICAL FORM AVAILABLE NOTE
Additional physical form available note Issued also on microfilm by American Theological Library Association.
590 ## - LOCAL NOTE (RLIN)
Local note SERBIB/SERLOC merged record
610 20 - SUBJECT ADDED ENTRY--CORPORATE NAME
Subordinate unit Central Committee
General subdivision Periodicals.
776 1# - ADDITIONAL PHYSICAL FORM ENTRY
Qualifying information Microfilm
Place, publisher, and date of publication American Theological Library Association
Record control number (DLC)sn 98016421
-- (OCoLC)40400254
780 00 - PRECEDING ENTRY
Main entry heading World Council of Churches. Central Committee.
Title Minutes and reports of the meeting
Record control number (OCoLC)3890897
906 ## - LOCAL DATA ELEMENT F, LDF (RLIN)
a 7
b cbc
c serials
d 2
e ncip
f 19
g n-oclcserc
936 ## - OCLC/CONSER MISCELLANEOUS DATA (OCLC); PIECE USED FOR CATALOGING (pre-AACR2) (RLIN)
OCLC control number(s) of parallel record(s) (OCLC); Piece used for cataloging, PUC (RLIN) 48th (11-19 Sept. 1997) LIC
942 ## - ADDED ENTRY ELEMENTS (KOHA)
Source of classification or shelving scheme Library of Congress Classification
Item type Book
Holdings
Withdrawn status Lost status Source of classification or shelving scheme Damaged status Not for loan Collection code Home library Current library Shelving location Date acquired Full call number Barcode Copy number Price effective from Koha item type Public note
Withdrawn   Library of Congress Classification   Not For Loan Reference Bishop Okullu Memorial Library (Limuru Campus) Bishop Okullu Memorial Library (Limuru Campus) Reference 14/10/2011 REF BX6 .W67 1977 028815 1 14/10/2011 Book Outdated